| 000 | 00938nam0a22002651 4500 | ||
|---|---|---|---|
| 001 | rc\1052906 | ||
| 005 | 20250622093050.0 | ||
| 035 | _a(NLR Aleph) 006214259 | ||
| 090 |
_a6401147 _c6401147 |
||
| 100 | _a20041129d1980 |||y0rusy50 ca | ||
| 101 | 0 | _arus | |
| 102 | _aRU | ||
| 105 | _aa ||||||||| | ||
| 200 | 1 |
_aИстория Марийской АССР с древнейших времен до конца XIX в. _eУчеб. пособие для учащихся VII-VIII кл. |
|
| 205 | _a5-е изд. | ||
| 210 |
_aЙошкар-Ола _cМарийское кн. изд-во _d1980 |
||
| 215 |
_a93 с. _cил. _d21 |
||
| 320 | _aБиблиогр.: с. 89-90 | ||
| 700 | 1 |
_4070 _7ca _8rus _aАйплатов _bГ. Н. _f1937- _gГеннадий Николаевич _9271385 _3RU\NLR\AUTH\770271441 |
|
| 801 | 0 |
_aRU _bNLR _gpsbo |
|
| 801 | 1 |
_aRU _bELAR _2rusmarc |
|
| 852 |
_aNLR _j80-6/7379 |
||
| 942 | _cBOOK | ||
| 980 | _aNB | ||